[Event "Bundesliga 9596"]
[Site "Deutschland"]
[Date "1996.??.??"]
[Round "?.6"]
[White "Loeffler, Stefan"]
[Black "Thesing, Matthias"]
[Result "1-0"]
[WhiteElo "2415"]
[BlackElo "2415"]
[PlyCount "81"]
[EventDate "1995.10.??"]
[EventType "team"]
[EventRounds "15"]
[EventCountry "GER"]
[SourceTitle "Bundesliga 9596"]
[Source "DeepChess"]
[SourceDate "2005.01.01"]
[SourceVersion "1"]
[SourceVersionDate "2005.01.01"]
[SourceQuality "1"]
[WhiteTeam "Hamburger SK 1830 e.V."]
[BlackTeam "PSV Turm Duisburg 1920 e.V."]
[WhiteTeamCountry "GER"]
[BlackTeamCountry "GER"]

1. Nf3 d5 2. c4 e6 3. d4 Nf6 4. Bg5 c6 5. Qc2 h6 6. Bh4 dxc4 7. Qxc4 Qa5+ 8.
Nbd2 Ne4 9. a3 Nxd2 10. Nxd2 Bd6 11. b4 Qh5 12. Ne4 Bc7 13. Bg3 Bxg3 14. Nxg3
Qh4 15. e3 O-O 16. Be2 Nd7 17. f4 Nf6 18. O-O Bd7 19. Rab1 Rfc8 20. Rf3 Ng4 21.
h3 Nf6 22. e4 b6 23. Bd3 Rc7 24. Rbf1 c5 25. bxc5 bxc5 26. f5 exf5 27. Nxf5
Bxf5 28. Rxf5 Rd8 29. Rxc5 Rxc5 30. dxc5 Qg3 31. Rf3 Qe1+ 32. Kh2 Qa1 33. c6
Qe5+ 34. Kg1 Rd4 35. Qc3 Ne8 36. Rf5 Qd6 37. Bc2 Nc7 38. Bb3 Rd3 39. Qc4 Kh7
40. Rxf7 Rd4 41. Rxg7+ 1-0

[Event "Bundesliga 9596"]
[Site "Deutschland"]
[Date "1996.??.??"]
[Round "?.7"]
[White "Pirrot, Dieter"]
[Black "Wegner, Hannu"]
[Result "1-0"]
[WhiteElo "2405"]
[BlackElo "2355"]
[PlyCount "39"]
[EventDate "1995.10.??"]
[EventType "team"]
[EventRounds "15"]
[EventCountry "GER"]
[SourceTitle "Bundesliga 9596"]
[Source "DeepChess"]
[SourceDate "2005.01.01"]
[SourceVersion "1"]
[SourceVersionDate "2005.01.01"]
[SourceQuality "1"]
[WhiteTeam "PSV Turm Duisburg 1920 e.V."]
[BlackTeam "Hamburger SK 1830 e.V."]
[WhiteTeamCountry "GER"]
[BlackTeamCountry "GER"]

1. e4 c5 2. c3 d5 3. exd5 Qxd5 4. d4 Nf6 5. Nf3 Bg4 6. Be2 e6 7. h3 Bh5 8. c4
Qd7 9. d5 exd5 10. g4 Bg6 11. Ne5 Qc7 12. Nxg6 hxg6 13. g5 Ng8 14. Nc3 dxc4 15.
Nd5 Qd7 16. Bf4 Bd6 17. Bg4 Qd8 18. Bxd6 Qxd6 19. Nf6+ Ke7 20. Qe2+ 1-0

[Event "Bundesliga 9596"]
[Site "Deutschland"]
[Date "1996.??.??"]
[Round "?.8"]
[White "Sievers, Stefan"]
[Black "Prang, Edgar"]
[Result "1/2-1/2"]
[WhiteElo "2375"]
[BlackElo "2335"]
[PlyCount "118"]
[EventDate "1995.10.??"]
[EventType "team"]
[EventRounds "15"]
[EventCountry "GER"]
[SourceTitle "Bundesliga 9596"]
[Source "DeepChess"]
[SourceDate "2005.01.01"]
[SourceVersion "1"]
[SourceVersionDate "2005.01.01"]
[SourceQuality "1"]
[WhiteTeam "Hamburger SK 1830 e.V."]
[BlackTeam "PSV Turm Duisburg 1920 e.V."]
[WhiteTeamCountry "GER"]
[BlackTeamCountry "GER"]

1. e4 e6 2. d4 d5 3. Nc3 Bb4 4. exd5 exd5 5. Bd3 Nc6 6. a3 Bxc3+ 7. bxc3 Nge7
8. Qf3 Be6 9. Rb1 b6 10. Ne2 Qd7 11. O-O Bf5 12. Ng3 Bg6 13. Nh5 O-O 14. Re1
Rfe8 15. Bg5 Bxd3 16. cxd3 Qf5 17. Qxf5 Nxf5 18. Bf4 Nce7 19. Re2 f6 20. Rbe1
Kf7 21. Bxc7 Rac8 22. Ng3 Nh4 23. Bd6 Nc6 24. Rxe8 Rxe8 25. Rxe8 Kxe8 26. Ne2
g5 27. a4 Kd7 28. Ba3 Ke6 29. f3 f5 30. f4 g4 31. Kf2 a6 32. Ng1 b5 33. axb5
axb5 34. g3 Ng6 35. Ne2 h5 36. Nc1 h4 37. Nb3 h3 38. Nc5+ Kf7 39. Nd7 Ke6 40.
Ne5 Nge7 41. Ke2 Nxe5 42. dxe5 Nc6 43. Bc5 Kd7 44. Kd2 Nd8 45. Kc2 Kc6 46. Be3
Ne6 47. Kb3 Nc7 48. Kb4 Na6+ 49. Ka5 Nc7 50. Bg1 Ne6 51. Kb4 Nc7 52. c4 bxc4
53. dxc4 dxc4 54. Kxc4 Ne6 55. Bd4 Ng7 56. Ba7 Nh5 57. Bf2 Ng7 58. Bg1 Ne6 59.
Ba7 Ng7 1/2-1/2

[Event "Bundesliga 9596"]
[Site "Deutschland"]
[Date "1996.??.??"]
[Round "?.1"]
[White "Wahls, Matthias"]
[Black "Schebler, Gerhard"]
[Result "1-0"]
[WhiteElo "2555"]
[BlackElo "2420"]
[PlyCount "99"]
[EventDate "1995.10.??"]
[EventType "team"]
[EventRounds "15"]
[EventCountry "GER"]
[SourceTitle "Bundesliga 9596"]
[Source "DeepChess"]
[SourceDate "2005.01.01"]
[SourceVersion "1"]
[SourceVersionDate "2005.01.01"]
[SourceQuality "1"]
[WhiteTeam "Hamburger SK 1830 e.V."]
[BlackTeam "PSV/BSV Wuppertal 1921 e.V."]
[WhiteTeamCountry "GER"]
[BlackTeamCountry "GER"]

1. e4 e5 2. Nf3 Nf6 3. Nxe5 d6 4. Nf3 Nxe4 5. d4 d5 6. Bd3 Bg4 7. h3 Bh5 8. Qe2
Qe7 9. g4 Bg6 10. Ne5 Nd7 11. Nxg6 hxg6 12. Be3 O-O-O 13. Nd2 Nb6 14. Bxe4 dxe4
15. c4 f5 16. O-O-O Qf7 17. d5 c5 18. Bf4 Qd7 19. f3 exf3 20. Qxf3 Qa4 21. Qb3
Qxb3 22. axb3 Re8 23. Nf3 Re4 24. Bd2 Be7 25. gxf5 gxf5 26. Rdg1 Bf6 27. Ng5
Reh4 28. Nf7 R8h5 29. Bc3 Rxh3 30. Rxh3 Rxh3 31. Nd6+ Kc7 32. Ne8+ Kd7 33.
Nxf6+ gxf6 34. Rg7+ Kd6 35. Rxb7 Nd7 36. b4 Ne5 37. bxc5+ Kxc5 38. Rc7+ Kd6 39.
Bxe5+ fxe5 40. Rc6+ Kd7 41. Rf6 f4 42. Kc2 Rh2+ 43. Kc3 Rh3+ 44. Kb4 Rd3 45.
Re6 Re3 46. c5 f3 47. c6+ Kd8 48. d6 f2 49. Rh6 Re4+ 50. Ka5 1-0

[Event "Bundesliga 9596"]
[Site "Deutschland"]
[Date "1996.??.??"]
[Round "?.2"]
[White "Hausrath, Daniel"]
[Black "Ftacnik, Lubomir"]
[Result "1/2-1/2"]
[WhiteElo "2390"]
[BlackElo "2585"]
[PlyCount "65"]
[EventDate "1995.10.??"]
[EventType "team"]
[EventRounds "15"]
[EventCountry "GER"]
[SourceTitle "Bundesliga 9596"]
[Source "DeepChess"]
[SourceDate "2005.01.01"]
[SourceVersion "1"]
[SourceVersionDate "2005.01.01"]
[SourceQuality "1"]
[WhiteTeam "PSV/BSV Wuppertal 1921 e.V."]
[BlackTeam "Hamburger SK 1830 e.V."]
[WhiteTeamCountry "GER"]
[BlackTeamCountry "GER"]

1. d4 Nf6 2. Nf3 g6 3. Bg5 Bg7 4. Nbd2 d5 5. c3 O-O 6. e3 Nbd7 7. Bd3 Re8 8.
O-O e5 9. dxe5 Nxe5 10. Nxe5 Rxe5 11. Nf3 Re8 12. h3 h6 13. Bf4 Ne4 14. Qc2 Nc5
15. Be2 Bf5 16. Qd1 g5 17. Bh2 c6 18. Nd4 Bh7 19. Bg4 Qb6 20. Bf5 Bg6 21. Qc2
Kh7 22. Bxg6+ fxg6 23. Rad1 Rad8 24. c4 Ne6 25. Nxe6 Rxe6 26. cxd5 cxd5 27. Bc7
Rc8 28. Bxb6 Rxc2 29. Bxa7 Rxb2 30. Rxd5 Rxa2 31. Bd4 Re7 32. Bxg7 Kxg7 33. Rb1
1/2-1/2

[Event "Bundesliga 9596"]
[Site "Deutschland"]
[Date "1996.??.??"]
[Round "?.3"]
[White "Movsziszian, Karen"]
[Black "Kinsman, Andrew PH"]
[Result "1/2-1/2"]
[WhiteElo "2450"]
[BlackElo "2365"]
[PlyCount "62"]
[EventDate "1995.10.??"]
[EventType "team"]
[EventRounds "15"]
[EventCountry "GER"]
[SourceTitle "Bundesliga 9596"]
[Source "DeepChess"]
[SourceDate "2005.01.01"]
[SourceVersion "1"]
[SourceVersionDate "2005.01.01"]
[SourceQuality "1"]
[WhiteTeam "Hamburger SK 1830 e.V."]
[BlackTeam "PSV/BSV Wuppertal 1921 e.V."]
[WhiteTeamCountry "GER"]
[BlackTeamCountry "GER"]

1. d4 Nf6 2. c4 e6 3. Nf3 c5 4. d5 exd5 5. cxd5 d6 6. Nc3 g6 7. e4 Bg7 8. h3
O-O 9. Bd3 b5 10. Nxb5 Re8 11. O-O Nxe4 12. Bxe4 Rxe4 13. Re1 Rxe1+ 14. Qxe1
Bb7 15. Bg5 Qd7 16. Nc3 Na6 17. Qd2 Re8 18. Bh6 Bh8 19. Bf4 Nc7 20. Bh6 Nb5 21.
a4 Nxc3 22. bxc3 Ba6 23. a5 Bc4 24. Rb1 Bg7 25. Bxg7 Kxg7 26. Qf4 Bxd5 27. Rd1
Bxf3 28. Rxd6 Qe7 29. gxf3 Qe1+ 30. Kg2 Qxc3 31. Rd7 Qf6 1/2-1/2

[Event "Bundesliga 9596"]
[Site "Deutschland"]
[Date "1996.??.??"]
[Round "?.4"]
[White "Schiffer, Kai Uwe"]
[Black "Mueller, Karsten"]
[Result "1/2-1/2"]
[WhiteElo "2325"]
[BlackElo "2485"]
[PlyCount "81"]
[EventDate "1995.10.??"]
[EventType "team"]
[EventRounds "15"]
[EventCountry "GER"]
[SourceTitle "Bundesliga 9596"]
[Source "DeepChess"]
[SourceDate "2005.01.01"]
[SourceVersion "1"]
[SourceVersionDate "2005.01.01"]
[SourceQuality "1"]
[WhiteTeam "PSV/BSV Wuppertal 1921 e.V."]
[BlackTeam "Hamburger SK 1830 e.V."]
[WhiteTeamCountry "GER"]
[BlackTeamCountry "GER"]

1. d4 d5 2. c4 c6 3. Nf3 Nf6 4. Nc3 e6 5. Bg5 h6 6. Bxf6 Qxf6 7. e3 g6 8. Bd3
Bg7 9. O-O O-O 10. e4 dxe4 11. Nxe4 Qe7 12. Qd2 Rd8 13. Rad1 Nd7 14. Rfe1 b6
15. b4 a5 16. a3 axb4 17. axb4 Ba6 18. c5 Bxd3 19. Qxd3 bxc5 20. bxc5 Ne5 21.
Nxe5 Bxe5 22. Qe3 Bg7 23. Nd6 Qc7 24. Rb1 Rdb8 25. g3 h5 26. Qe4 Qd7 27. Kg2
Bf8 28. Nc4 Rxb1 29. Rxb1 Ra4 30. Ne5 Qxd4 31. Qxd4 Rxd4 32. Rb8 Rd5 33. f4 Kg7
34. Rb7 Rxe5 35. fxe5 Bxc5 36. Kf3 Bd4 37. Ke4 Bg1 38. h3 c5 39. Kf4 Bd4 40.
Rc7 Bg1 41. Ke4 1/2-1/2

[Event "Bundesliga 9596"]
[Site "Deutschland"]
[Date "1996.??.??"]
[Round "?.5"]
[White "Michaelsen, Nils"]
[Black "Fischdick, Gisela"]
[Result "1/2-1/2"]
[WhiteElo "2435"]
[BlackElo "2300"]
[PlyCount "43"]
[EventDate "1995.10.??"]
[EventType "team"]
[EventRounds "15"]
[EventCountry "GER"]
[SourceTitle "Bundesliga 9596"]
[Source "DeepChess"]
[SourceDate "2005.01.01"]
[SourceVersion "1"]
[SourceVersionDate "2005.01.01"]
[SourceQuality "1"]
[WhiteTeam "Hamburger SK 1830 e.V."]
[BlackTeam "PSV/BSV Wuppertal 1921 e.V."]
[WhiteTeamCountry "GER"]
[BlackTeamCountry "GER"]

1. d4 d5 2. c4 c6 3. Nc3 Nf6 4. e3 a6 5. Qc2 g6 6. Nf3 Bg7 7. Bd3 O-O 8. O-O
dxc4 9. Bxc4 Nbd7 10. e4 b5 11. Be2 Bb7 12. Rd1 Rc8 13. b4 Qc7 14. Bg5 e5 15.
dxe5 Nxe5 16. Nxe5 Qxe5 17. f4 Qc7 18. e5 Qb6+ 19. Kh1 Nd5 20. Nxd5 cxd5 21.
Qd2 f6 22. exf6 1/2-1/2

[Event "Bundesliga 9596"]
[Site "Deutschland"]
[Date "1996.??.??"]
[Round "?.7"]
[White "Heinemann, Thies"]
[Black "Sukharisingh, Ralf"]
[Result "1/2-1/2"]
[WhiteElo "2410"]
[BlackElo "2305"]
[PlyCount "108"]
[EventDate "1995.10.??"]
[EventType "team"]
[EventRounds "15"]
[EventCountry "GER"]
[SourceTitle "Bundesliga 9596"]
[Source "DeepChess"]
[SourceDate "2005.01.01"]
[SourceVersion "1"]
[SourceVersionDate "2005.01.01"]
[SourceQuality "1"]
[WhiteTeam "Hamburger SK 1830 e.V."]
[BlackTeam "PSV/BSV Wuppertal 1921 e.V."]
[WhiteTeamCountry "GER"]
[BlackTeamCountry "GER"]

1. e4 c5 2. Nf3 e6 3. b3 Nf6 4. e5 Nd5 5. c4 Ne7 6. Bb2 Nbc6 7. Nc3 d6 8. exd6
Nf5 9. Nb5 Nxd6 10. Nxd6+ Qxd6 11. Qe2 b6 12. d4 cxd4 13. O-O-O Qf4+ 14. Kb1
Bc5 15. Ka1 O-O 16. g3 Qd6 17. Bg2 Bd7 18. b4 Bxb4 19. Nxd4 Qc5 20. Nc2 Rad8
21. Qf3 Qa5 22. a3 Ne5 23. Qe2 Bc3 24. f4 Bxb2+ 25. Kxb2 Ng6 26. Rd4 Ba4 27.
Rhd1 Rxd4 28. Rxd4 Qc5 29. Qd3 Bxc2 30. Kxc2 b5 31. Kb3 bxc4+ 32. Qxc4 Rb8+ 33.
Ka2 Qb6 34. Qb4 Qc7 35. Qc4 Qe7 36. Qc2 h6 37. Be4 Nf8 38. Rc4 g6 39. Rc7 Qd6
40. Rxa7 Nd7 41. Ra8 Rxa8 42. Bxa8 Qd4 43. Bf3 Nc5 44. Bc6 g5 45. Bb5 gxf4 46.
gxf4 Ne4 47. a4 Qb4 48. Qb3 Qd2+ 49. Ka3 Qxf4 50. a5 Qc1+ 51. Qb2 Qc5+ 52. Qb4
Qe3+ 53. Qb3 Qc1+ 54. Qb2 Qc5+ 1/2-1/2

[Event "Bundesliga 9596"]
[Site "Deutschland"]
[Date "1996.??.??"]
[Round "?.8"]
[White "Kistella, Roman"]
[Black "Wegner, Hannu"]
[Result "1/2-1/2"]
[WhiteElo "2255"]
[BlackElo "2355"]
[PlyCount "84"]
[EventDate "1995.10.??"]
[EventType "team"]
[EventRounds "15"]
[EventCountry "GER"]
[SourceTitle "Bundesliga 9596"]
[Source "DeepChess"]
[SourceDate "2005.01.01"]
[SourceVersion "1"]
[SourceVersionDate "2005.01.01"]
[SourceQuality "1"]
[WhiteTeam "PSV/BSV Wuppertal 1921 e.V."]
[BlackTeam "Hamburger SK 1830 e.V."]
[WhiteTeamCountry "GER"]
[BlackTeamCountry "GER"]

1. d4 d5 2. Nf3 e6 3. c4 dxc4 4. Qa4+ c6 5. Qxc4 b5 6. Qc2 Bb7 7. g3 Nd7 8. Bg2
c5 9. O-O Rc8 10. Qb3 a6 11. a4 b4 12. dxc5 Bxc5 13. a5 Ngf6 14. Nbd2 O-O 15.
Ne1 Bxg2 16. Nxg2 Qc7 17. Nf3 Qb7 18. Nf4 e5 19. Ng2 e4 20. Nfe1 Qb5 21. Nf4 h6
22. Be3 Bxe3 23. Qxe3 Rc6 24. Qd2 Rfc8 25. e3 Ne5 26. Ne2 Rc2 27. Qxc2 Rxc2 28.
Nd4 Qxf1+ 29. Kxf1 Rxb2 30. Rc1 Nd3 31. Nxd3 exd3 32. Rd1 Ne4 33. Rxd3 Nxf2 34.
Rb3 Rxb3 35. Nxb3 Ne4 36. Ke2 f5 37. Kd3 Kf7 38. Kc4 Ke6 39. Nd4+ Ke5 40. Kxb4
g5 41. Kc4 h5 42. Nf3+ Kd6 1/2-1/2

[Event "Bundesliga 9596"]
[Site "Deutschland"]
[Date "1996.??.??"]
[Round "?.1"]
[White "Hracek, Zbynek"]
[Black "Wahls, Matthias"]
[Result "1-0"]
[WhiteElo "2650"]
[BlackElo "2555"]
[PlyCount "87"]
[EventDate "1995.10.??"]
[EventType "team"]
[EventRounds "15"]
[EventCountry "GER"]
[SourceTitle "Bundesliga 9596"]
[Source "DeepChess"]
[SourceDate "2005.01.01"]
[SourceVersion "1"]
[SourceVersionDate "2005.01.01"]
[SourceQuality "1"]
[WhiteTeam "SAbt SV Werder Bremen"]
[BlackTeam "Hamburger SK 1830 e.V."]
[WhiteTeamCountry "GER"]
[BlackTeamCountry "GER"]

1. e4 c5 2. Nc3 d6 3. f4 g6 4. Nf3 Bg7 5. Bc4 Nc6 6. O-O e6 7. d3 Nge7 8. Qe1
O-O 9. Bb3 d5 10. f5 c4 11. dxc4 dxe4 12. f6 Bxf6 13. Nxe4 Bg7 14. c5 Qc7 15.
Qh4 f6 16. Bf4 Qa5 17. Bd2 Nf5 18. Qf2 Qc7 19. Rae1 Bd7 20. Bc3 Na5 21. Bxa5
Qxa5 22. Rd1 Qc7 23. Nd4 Nxd4 24. Qxd4 f5 25. Qxd7 Qxd7 26. Rxd7 fxe4 27. c3
Bh6 28. Re1 e3 29. Rxb7 Rf6 30. Re7 Kh8 31. Rxe6 Rf2 32. h4 Rxb2 33. h5 Bf8 34.
c6 Bc5 35. h6 Rc8 36. Kh2 Rf2 37. Bd5 Rf5 38. Bf3 Kg8 39. Bg4 Rg5 40. Kh3 Rc7
41. Rf1 Bf8 42. Re8 Rf7 43. Be6 Rh5+ 44. Kg4 1-0

[Event "Bundesliga 9596"]
[Site "Deutschland"]
[Date "1996.??.??"]
[Round "?.3"]
[White "Blatny, Pavel"]
[Black "Movsziszian, Karen"]
[Result "1-0"]
[WhiteElo "2515"]
[BlackElo "2450"]
[PlyCount "73"]
[EventDate "1995.10.??"]
[EventType "team"]
[EventRounds "15"]
[EventCountry "GER"]
[SourceTitle "Bundesliga 9596"]
[Source "DeepChess"]
[SourceDate "2005.01.01"]
[SourceVersion "1"]
[SourceVersionDate "2005.01.01"]
[SourceQuality "1"]
[WhiteTeam "SAbt SV Werder Bremen"]
[BlackTeam "Hamburger SK 1830 e.V."]
[WhiteTeamCountry "GER"]
[BlackTeamCountry "GER"]

1. e4 g6 2. d4 Bg7 3. Nc3 d6 4. Be3 c6 5. Qd2 b5 6. a3 Nf6 7. f3 Nbd7 8. g4 Nb6
9. b3 a6 10. h4 h5 11. g5 Nfd7 12. Nge2 c5 13. Bg2 Bb7 14. O-O cxd4 15. Bxd4
Bxd4+ 16. Qxd4 O-O 17. f4 Qc7 18. Rad1 Rac8 19. Rd2 Qc5 20. Qxc5 Rxc5 21. Nd1
a5 22. Ne3 Ra8 23. Rfd1 Rc7 24. Nd4 b4 25. Nb5 Rc5 26. a4 Rd8 27. Kf2 Kf8 28.
Re1 Rdc8 29. Red1 Ba6 30. Bf1 Nb8 31. f5 Re5 32. f6 Bxb5 33. Bxb5 Rd8 34. Kf3
exf6 35. Rxd6 Rc8 36. gxf6 N8d7 37. Bxd7 1-0

[Event "Bundesliga 9596"]
[Site "Deutschland"]
[Date "1996.??.??"]
[Round "?.4"]
[White "Mueller, Karsten"]
[Black "Knaak, Rainer"]
[Result "1/2-1/2"]
[WhiteElo "2485"]
[BlackElo "2540"]
[PlyCount "156"]
[EventDate "1995.10.??"]
[EventType "team"]
[EventRounds "15"]
[EventCountry "GER"]
[SourceTitle "Bundesliga 9596"]
[Source "DeepChess"]
[SourceDate "2005.01.01"]
[SourceVersion "1"]
[SourceVersionDate "2005.01.01"]
[SourceQuality "1"]
[WhiteTeam "Hamburger SK 1830 e.V."]
[BlackTeam "SAbt SV Werder Bremen"]
[WhiteTeamCountry "GER"]
[BlackTeamCountry "GER"]

1. e4 e6 2. d4 d5 3. Nd2 c5 4. Ngf3 Nf6 5. exd5 exd5 6. Be2 cxd4 7. O-O Bd6 8.
Nb3 O-O 9. Bg5 Nbd7 10. Qxd4 Qc7 11. Bd3 h6 12. Bh4 b6 13. c4 Bb7 14. Rac1 dxc4
15. Bxc4 Qb8 16. Bg3 Bxg3 17. fxg3 Bxf3 18. gxf3 Ne5 19. Ba6 Rd8 20. Qe3 Nd5
21. Qe4 Nf6 22. Qe2 Re8 23. Bb5 Ned7 24. Qf2 a6 25. Bc6 Ra7 26. Nd4 Rc7 27. Ba4
b5 28. Bb3 Rec8 29. Rce1 Nc5 30. Bc2 Rd8 31. Re2 Qb7 32. b4 Na4 33. Bb3 Nc3 34.
Re5 g6 35. Rfe1 Qb6 36. Nc2 Qxf2+ 37. Kxf2 Rd2+ 38. Kg1 Nxa2 39. Rc5 Rxc5 40.
bxc5 Nc3 41. c6 Rd8 42. Re7 Ncd5 43. Ra7 Kf8 44. Nb4 Ne7 45. c7 Rc8 46. Nxa6
Ned5 47. Rb7 Ke7 48. Rxb5 Nxc7 49. Rc5 Nfe8 50. Ba4 Ra8 51. Nxc7 Rxa4 52. Re5+
Kd6 53. Rxe8 Kxc7 54. Re7+ Kd6 55. Rxf7 Ke6 56. Rf8 Ke7 57. Rh8 h5 58. Kg2 Ra2+
59. Kh3 Kf6 60. f4 Kg7 61. Rb8 Kh6 62. Rb6 Rf2 63. Ra6 h4 64. Kxh4 Rxh2+ 65.
Kg4 Rh5 66. Kf3 Rb5 67. g4 Rb3+ 68. Ke4 Rg3 69. g5+ Kh5 70. Rf6 Ra3 71. Ke5
Re3+ 72. Kd5 Kg4 73. Re6 Ra3 74. Rxg6 Kxf4 75. Ke6 Ra5 76. Kf6 Rf5+ 77. Kg7
Rxg5 78. Rxg5 Kxg5 1/2-1/2

[Event "Bundesliga 9596"]
[Site "Deutschland"]
[Date "1996.??.??"]
[Round "?.5"]
[White "Heissler, Jakob"]
[Black "Michaelsen, Nils"]
[Result "1/2-1/2"]
[WhiteElo "2450"]
[BlackElo "2435"]
[PlyCount "160"]
[EventDate "1995.10.??"]
[EventType "team"]
[EventRounds "15"]
[EventCountry "GER"]
[SourceTitle "Bundesliga 9596"]
[Source "DeepChess"]
[SourceDate "2005.01.01"]
[SourceVersion "1"]
[SourceVersionDate "2005.01.01"]
[SourceQuality "1"]
[WhiteTeam "SAbt SV Werder Bremen"]
[BlackTeam "Hamburger SK 1830 e.V."]
[WhiteTeamCountry "GER"]
[BlackTeamCountry "GER"]

1. e4 d5 2. exd5 Qxd5 3. Nc3 Qa5 4. d4 c6 5. Nf3 Nf6 6. Bc4 Bf5 7. Bd2 e6 8.
Qe2 Bb4 9. O-O-O Nbd7 10. Kb1 Nb6 11. Bb3 Bxc3 12. Bxc3 Qb5 13. Qxb5 cxb5 14.
Ne5 a5 15. a3 a4 16. Ba2 Nbd5 17. f3 h5 18. Bd2 Rc8 19. Nd3 Bxd3 20. cxd3 Kd7
21. Rhe1 Nc7 22. Rc1 Nfd5 23. Rc5 b6 24. Rc2 Ne7 25. Bb4 Ned5 26. Bd2 Ne7 27.
Bb4 Nc6 28. Bc3 Nd5 29. Bxd5 exd5 30. Rce2 Rhe8 31. Rxe8 Rxe8 32. Rxe8 Kxe8 33.
Kc2 Kd7 34. Kd2 Ke6 35. Ke3 Kf5 36. Be1 g5 37. h3 f6 38. g4+ Kg6 39. Bb4 f5 40.
gxf5+ Kxf5 41. Bd6 Nd8 42. Bc7 Ne6 43. Bd6 Kg6 44. Be5 Kf7 45. Kf2 Kg6 46. Ke3
Kf5 47. Bd6 Kf6 48. Be5+ Kg6 49. Kf2 Kf5 50. Ke3 Nf8 51. Bd6 Ng6 52. Bc7 Nh4
53. Kf2 Ng6 54. Ke3 b4 55. axb4 b5 56. Bd6 Nh4 57. Kf2 Ke6 58. Bc7 Ng6 59. Ke3
Kf5 60. Bd6 Nh8 61. Be5 Nf7 62. Bc7 Nh6 63. Kf2 Kg6 64. Bd6 Nf5 65. Bc5 Kf6 66.
Bb6 Ke7 67. Bc5+ Ke6 68. Bb6 Kd7 69. Ba7 Nd6 70. Bb8 Nf5 71. Ba7 Ne7 72. f4
gxf4 73. Kf3 Ng6 74. Bb8 Ke6 75. Bxf4 Nh4+ 76. Kf2 Nf5 77. Be3 Ne7 78. Bd2 Kf5
79. Kf3 Nc6 80. Bc3 Nd8 1/2-1/2

[Event "Bundesliga 9596"]
[Site "Deutschland"]
[Date "1996.??.??"]
[Round "?.6"]
[White "Heinemann, Thies"]
[Black "Meins, Gerlef"]
[Result "1/2-1/2"]
[WhiteElo "2410"]
[BlackElo "2445"]
[PlyCount "44"]
[EventDate "1995.10.??"]
[EventType "team"]
[EventRounds "15"]
[EventCountry "GER"]
[SourceTitle "Bundesliga 9596"]
[Source "DeepChess"]
[SourceDate "2005.01.01"]
[SourceVersion "1"]
[SourceVersionDate "2005.01.01"]
[SourceQuality "1"]
[WhiteTeam "Hamburger SK 1830 e.V."]
[BlackTeam "SAbt SV Werder Bremen"]
[WhiteTeamCountry "GER"]
[BlackTeamCountry "GER"]

1. e4 c5 2. Nf3 Nc6 3. Bb5 d6 4. d4 cxd4 5. Qxd4 Bd7 6. Bxc6 Bxc6 7. c4 Nf6 8.
Nc3 g6 9. O-O Bg7 10. Qe3 O-O 11. h3 Nd7 12. Nd4 Qb6 13. Rd1 Nc5 14. b3 Ne6 15.
Nce2 Nxd4 16. Nxd4 Rfe8 17. Rb1 Bd7 18. Nc2 Qxe3 19. Nxe3 Bc6 20. f3 a6 21. Bb2
Bh6 22. Kf2 Bxe3+ 1/2-1/2

[Event "Bundesliga 9596"]
[Site "Deutschland"]
[Date "1996.??.??"]
[Round "?.7"]
[White "Floegel, Ulrich"]
[Black "Wegner, Hannu"]
[Result "1/2-1/2"]
[WhiteElo "2355"]
[BlackElo "2355"]
[PlyCount "51"]
[EventDate "1995.10.??"]
[EventType "team"]
[EventRounds "15"]
[EventCountry "GER"]
[SourceTitle "Bundesliga 9596"]
[Source "DeepChess"]
[SourceDate "2005.01.01"]
[SourceVersion "1"]
[SourceVersionDate "2005.01.01"]
[SourceQuality "1"]
[WhiteTeam "SAbt SV Werder Bremen"]
[BlackTeam "Hamburger SK 1830 e.V."]
[WhiteTeamCountry "GER"]
[BlackTeamCountry "GER"]

1. e4 c5 2. Nf3 d6 3. c3 Nf6 4. Bd3 Nc6 5. Bc2 Bg4 6. d3 e6 7. Nbd2 d5 8. Qe2
Be7 9. h3 Bh5 10. O-O Qc7 11. Re1 O-O 12. Nf1 Rad8 13. g4 Bg6 14. Ng3 Nd7 15.
h4 dxe4 16. dxe4 f6 17. h5 Bf7 18. Be3 Bd6 19. Nf1 Bf4 20. Nh4 Rfe8 21. Ng2
Bxe3 22. Nfxe3 Nf8 23. Rad1 Rxd1 24. Rxd1 Rd8 25. Rxd8 Qxd8 26. Qd3 1/2-1/2

[Event "Bundesliga 9596"]
[Site "Deutschland"]
[Date "1996.??.??"]
[Round "?.1"]
[White "Pfleger, Helmut"]
[Black "Wahls, Matthias"]
[Result "1/2-1/2"]
[WhiteElo "2490"]
[BlackElo "2555"]
[PlyCount "82"]
[EventDate "1995.10.??"]
[EventType "team"]
[EventRounds "15"]
[EventCountry "GER"]
[SourceTitle "Bundesliga 9596"]
[Source "DeepChess"]
[SourceDate "2005.01.01"]
[SourceVersion "1"]
[SourceVersionDate "2005.01.01"]
[SourceQuality "1"]
[WhiteTeam "SC 1868 Bamberg e.V."]
[BlackTeam "Hamburger SK 1830 e.V."]
[WhiteTeamCountry "GER"]
[BlackTeamCountry "GER"]

1. c4 Nf6 2. Nc3 c5 3. g3 e6 4. Nf3 b6 5. Bg2 Bb7 6. O-O d6 7. b3 a6 8. Bb2 Be7
9. e3 O-O 10. d4 Qc7 11. Qe2 Nbd7 12. Rfd1 Ne4 13. Nxe4 Bxe4 14. Ne1 Bxg2 15.
Nxg2 Qb7 16. Rac1 Rfe8 17. Nf4 cxd4 18. exd4 Bg5 19. Rc3 Rac8 20. Qg4 Bh6 21.
Ng2 g6 22. Qe2 Nf6 23. Rc2 Bg7 24. Qd3 d5 25. Ne3 Red8 26. Qe2 h5 27. Qf3 Ne4
28. h4 Rc7 29. cxd5 Rxc2 30. Nxc2 Nf6 31. Ne3 Nxd5 32. Rc1 Rd7 33. Rc2 Bh6 34.
Nxd5 Rxd5 35. Qc3 Bg7 36. Qc8+ Qxc8 37. Rxc8+ Kh7 38. Rc7 Kg8 39. Rc8+ Kh7 40.
Rc7 Kg8 41. Rc8+ Kh7 1/2-1/2

[Event "Bundesliga 9596"]
[Site "Deutschland"]
[Date "1996.??.??"]
[Round "?.2"]
[White "Ftacnik, Lubomir"]
[Black "Pribyl, Martin"]
[Result "1-0"]
[WhiteElo "2585"]
[BlackElo "2325"]
[PlyCount "81"]
[EventDate "1995.10.??"]
[EventType "team"]
[EventRounds "15"]
[EventCountry "GER"]
[SourceTitle "Bundesliga 9596"]
[Source "DeepChess"]
[SourceDate "2005.01.01"]
[SourceVersion "1"]
[SourceVersionDate "2005.01.01"]
[SourceQuality "1"]
[WhiteTeam "Hamburger SK 1830 e.V."]
[BlackTeam "SC 1868 Bamberg e.V."]
[WhiteTeamCountry "GER"]
[BlackTeamCountry "GER"]

1. d4 Nf6 2. Nf3 g6 3. c4 Bg7 4. Nc3 d5 5. cxd5 Nxd5 6. e4 Nxc3 7. bxc3 c5 8.
Bb5+ Bd7 9. Be2 Nc6 10. h3 O-O 11. O-O cxd4 12. cxd4 Rc8 13. Rb1 Qc7 14. Bg5 h6
15. Be3 Rfd8 16. d5 Na5 17. Bxa7 b5 18. Bd4 e5 19. Ba1 Nc4 20. a4 Nd6 21. Qd3
Re8 22. axb5 f5 23. b6 fxe4 24. Qa6 Qc5 25. b7 exf3 26. Bxf3 Rb8 27. Rfc1 Bb5
28. Qa5 Nxb7 29. Rxc5 Nxa5 30. Rcxb5 Rxb5 31. Rxb5 Nc4 32. Bg4 Nd6 33. Rb6 Rd8
34. Be6+ Kf8 35. Bc3 e4 36. Bb4 Be5 37. Rb7 Ra8 38. Kf1 Ra1+ 39. Ke2 Rb1 40.
Bxd6+ Bxd6 41. Rxb1 1-0